Find Countries In...#6 - Statistics

General Stats
  • This quiz has been taken 19 times
  • The average score is 6 of 7
Answers on the Map
Answers color-coded by a green-red scale on the quiz's map according to % correct below.
 
Answer Stats
Answer % Correct
South Africa
100%
Cameroon
83%
D.R Congo
83%
East Timor
78%
Zimbabwe
78%
Armenia
72%
Namibia
72%
No matching quizzes found
Score Distribution
Percent of People with Each Score
Percentile by Number Answered
Your Score History
You have not taken this quiz